000 01496nam a2200181 4500
999 _c63800
_d63800
003 Ge_BSU
005 20260115205648.0
008 260115s1988 ge ||||| |||| 00| 0 geo d
041 _ageo
080 _a911.3:33(100)(075.8) ს-17
245 _aსაზღვარგარეთის ქვეყნების ეკონომიკური და სოციალური გეოგრაფია :
_bთეორიული პრობლემები. მსოფლიო მეურნეობა. სოციალისტური ქვეყნები : [დამხმ. სახელმძღვ. პედ. ინ-ტების გეოგრ. სპეც. სტუდ.] /
_cმ. ბ. გორნუნგი, ვ. პ. მაქსაკოვსკი, ი. გ. მაშმიცი, ს. ნ. რაკოვსკი]; რედ.: ვ. პ. მაქსაკოვსკი.
264 _aთბილისი :
_bთბილ. უნ-ტის გამ-ბა,
_c1988.
300 _a311 გვ. :
_bილ. ;
_c26 სმ.
653 _aსაზღვარგარეთის ქვეყნების ეკონომიკური გეოგრაფია
653 _aსაზღვარგარეთის ქვეყნების სოციალური გეოგრაფია
700 _aმაქსაკოვსკი, ვ.პ.
_eრედაქტორი
_926640
942 _2udc
_cᲬᲘᲒᲜᲘ